| 000 | 00619nam a22002057a 4500 | ||
|---|---|---|---|
| 003 | OSt | ||
| 005 | 20250710050934.0 | ||
| 008 | 250710b |||||||| |||| 00| 0 eng d | ||
| 020 | _a971-27-1266-4 | ||
| 040 |
_aDWCL - Main lib _cOC |
||
| 082 | _aFil. 001.42 M315a 2003 | ||
| 100 | _aManlapaz, Edna Z. | ||
| 245 |
_aThe anvil guide to research paper writing/ _cEdna Z. Manlapaz |
||
| 260 |
_aPasig City : _bAnmvil publishing, Inc., _c c2003 |
||
| 300 |
_axi, 233 p. : _c27 cm. |
||
| 650 | _a1. Report writing. | ||
| 700 | _aEloisa N. Francisco | ||
| 700 | _aRomeo L. Manlapaz | ||
| 942 |
_2ddc _cBK - FIL _kFil. _n0 |
||
| 999 |
_c3575 _d3575 |
||